A cien días de gobierno liberal: el país trancado
Guardado en:
| Formato: | Texto |
|---|---|
| Etiquetas: |
Agregar Etiqueta
Sin Etiquetas, Sea el primero en etiquetar este registro!
|
MARC
| LEADER | 00000 a a2200000 04500 | ||
|---|---|---|---|
| 001 | 46007 | ||
| 003 | |||
| 040 | |||
| 245 | |a A cien días de gobierno liberal: |b el país trancado | ||
| 773 | |g volumen17, número407 ( , 1997), páginas 4-6 | ||
| 999 | |c 30569 |d 30569 | ||
